Casa Minga : "aprender-haciendo" un proyecto sustentable /

Detalles Bibliográficos
Autores principales: Osuna Motta, Iván (Autor), Gutiérrez Robledo, Anita (Autor), Ordoñez López, Ana Lucía (Autor)
Formato: Electrónico eBook
Lenguaje:español
Publicado: Santiago de Cali : Pontificia Universidad Javeriana, 2020.
Materias:
Acceso en línea:Digitalia Hispánica

MARC

LEADER 00000nam a2200000Ii 4500
001 DIGEPUJ0447
003 NyNyDIG
006 m o d
007 cr |||||||||||
008 240506s2020 ck ao ob 000 0 spa d
035 |a (OCoLC)1433996515 
040 |a DGITA  |b eng  |e rda  |e pn  |c DGITA 
020 |a 9789585177260  |q eBook 
020 |z 9789585177277 
050 1 4 |a NA2542.36 ebook 
100 1 |a Osuna Motta, Iván,  |e author. 
245 1 0 |a Casa Minga :  |b "aprender-haciendo" un proyecto sustentable /  |c Osuna Motta, Ivánes, Iván Osuna Motta, Anita Gutiérrez Robledo, Ana Lucía Ordoñez López. 
264 1 |a Santiago de Cali :  |b Pontificia Universidad Javeriana,  |c 2020. 
300 |a 1 online resource :  |b illustrations, photographs. 
336 |a text  |b txt  |2 rdacontent 
337 |a computer  |b c  |2 rdamedia 
338 |a online resource  |b cr  |2 rdacarrier 
347 |a text file  |2 rdaft 
347 |b PDF 
504 |a Includes bibliographical references. 
588 0 |a Online resource; title from PDF title page (Digitalia, viewed May 6, 2024) 
650 0 |a Ecological houses. 
650 0 |a Sustainable architecture. 
650 0 |a Architectural design. 
700 1 |a Gutiérrez Robledo, Anita,  |e author. 
700 1 |a Ordoñez López, Ana Lucía,  |e author. 
791 2 |a Digitalia (Firm),  |e distributor. 
793 0 |g Digitalia eBook Collection:  |a Pontificia Universidad Javeriana 
776 0 8 |i Print version:  |a Osuna Motta, Iván.  |t Casa Minga.  |d Santiago de Cali : Pontificia Universidad Javeriana, 2020  |z 9789585177277 
856 4 0 |3 Digitalia Hispánica  |u https://www.digitaliapublishing.com/a/144694/ 
910 |a Premium collection: 2024